000 00968ngm a2200265 a 4500
005 20220317001313.0
008 161108s2005 ck g 000 0 und
020 _a9781563319934
082 0 4 _a611.3
_bD37a
110 2 _aDiscovery Communications
_969158
245 1 0 _aAtlas del cuerpo humano
_bel aliento de la vida
_cDiscovery Communications
_hvideodisco digital
250 _a1a. edición
300 _a1 DVD (24 minutos)
_bsonoro, color, digital
_c12 cm
490 _aDiscovery Channel. Educación
_pEstudios sociales
650 1 4 _2LEMB
_aAparto digestivo
_vVideodiscos
650 1 4 _2LEMB
_aAnatomía humana
_vVideodiscos
650 1 4 _2LEMB
_aCuerpo humano
_vVideodiscos
650 1 4 _2LEMB
_aSistema digestivo
_vVideodiscos
942 _2ddc
_cDVD
264 _aBogotá
_bMS Tv & Videos
_c2005
336 _atexto
_btxt
_2rdacontent
337 _asin mediación
_bn
_2rdamedia
338 _avolumen
_bnc
_2rdacarrier
040 _aCO-BoRNBP
_bspa
_erda
_cCO-BoRNBP
999 _c6561
_d6561